000 00458nam a2200169 a 4500
001 000023925
005 20200930022556.0
008 110117s1987 ck a r 000 | spa d
040 _aDO-SdBNP
_bspa
_cBNPHU
082 _axxx
_bK88c
100 1 _aKozel, Carlos
_922163
245 1 0 _aCurese ud. mismo /.
246 1 1 _iCurese usted mismo
260 _aBogotá :
_bLa Misión "La Verdad Presente",
_c1987.
300 _a270 p. :
_bli. ;
_c20 cm.
049 _aBNGR
999 _c23421
_d23421